LIBRARY & INFORMATION CENTRE, KCAET, TAVANUR

ONLINE PUBLIC ACCESS CATALOGUE (OPAC)

Introduction to Agrometeorology & Climate Change (Record no. 17440)

MARC details
000 -LEADER
fixed length control field 00450nam a22001577a 4500
003 - CONTROL NUMBER IDENTIFIER
control field OSt
008 - FIXED-LENGTH DATA ELEMENTS--GENERAL INFORMATION
fixed length control field 210915b ||||| |||| 00| 0 eng d
020 ## - INTERNATIONAL STANDARD BOOK NUMBER
ISBN 9789387973619
082 ## - DEWEY DECIMAL CLASSIFICATION NUMBER
Classification number 630.2515
Item number PAT/IN
100 ## - MAIN ENTRY--AUTHOR NAME
Personal name Patra, Alok Kumar
245 ## - TITLE STATEMENT
Title Introduction to Agrometeorology & Climate Change
260 ## - PUBLICATION, DISTRIBUTION, ETC. (IMPRINT)
Place of publication New Delhi
Name of publisher New India Publishing Agency
Year of publication 2020
300 ## - PHYSICAL DESCRIPTION
Number of Pages 247 pages
650 ## - SUBJECT ADDED ENTRY--TOPICAL TERM
Topical Term meteriology and Agricultural
942 ## - ADDED ENTRY ELEMENTS (KOHA)
Koha item type Books
Holdings
Withdrawn status Lost status Damaged status Home library Current library Shelving location Date acquired Cost, normal purchase price Full call number Accession Number Koha item type
      KAUAET KAUAET NAHEP-CAAST Project 07/09/2021 395.00 630.2515 PAT/IN 26041 Books
free website counter